000 00512cam a22001337a 4500
008 180718b1980 xxu||||| |||| 00| 0 eng d
082 _aJ7x5452 M267 2
245 _aStructure plan for madras metropolitan area
_cby Madras metropolitan Development Authority
260 _aMadras
_bAlan Turner and Associates
_c1980
300 _av.p.
500 _avol.1: Existing situation, vol.2 : Guidelines for growth
650 _aCity Planning - India - TamilNadu
700 _aIndia. Madras Metropolitan Development Authority
999 _c416097
_d416097